[Event "AUTO-OPEN-4654"]
[Site "http://www.queenalice.com/game.php?id=1874097"]
[Date "2026.5.29"]
[Round "1"]
[White "Shizumaru_Hisame"]
[Black "mvson33"]
[Result "1-0"]
[WhiteElo "2039"]
[BlackElo "1871"]

1. d4 d5 2. Bd2 Nf6 3. Bb4 Nbd7 4. Nc3 e6 5. Bxf8 Nxf8 6. f3 N8d7 7. Qd2 O-O 8.
O-O-O b6 9. e4 dxe4 10. Nxe4 Bb7 11. Nf2 c5 12. h4 cxd4 13. Qxd4 Rc8 14. Qd2 Qc7
15. g4 Rfd8 16. Bd3 Nc5 17. Kb1 Nxd3 18. Nxd3 e5 19. Qe2 e4 20. Nf2 exf3 21.
Nxf3 Bxf3 22. Rxd8+ Rxd8 23. Qxf3 Qd7 24. g5 Ne8 25. h5 Nc7 26. Ng4 Qe7 27. Qf4
Re8 28. a3 Qe4 29. Qxe4 Rxe4 30. Nf2 Re5 31. g6 fxg6 32. hxg6 hxg6 33. Rg1 Kf7
34. Nd3 Re3 35. Nb4 Kf6 36. c4 Rf3 37. Kc2 g5 38. Nc6 Rf2+ 39. Kc3 Kf5 40. Nxa7
g4 41. b4 Kf4 42. Nc6 g3 43. Ne5 Kxe5 44. Rxg3 Kf6 45. b5 Ne6 46. a4 Nc5 47. Kb4
g5 48. a5 Nd7 49. a6 Ra2 50. Ra3 1-0